00645nam a2200193Ia 4500008004100000020000700041082001900048100003700067245008100104250000800185260003800193300002800231500000700259600002000266650002000286942000700306952012100313999001700434240925s9999 xx 000 0 und d aNA a378.166205 KHA aKhan ,Tariq Ali; Arshad, Mehmood 0aFull Solved NTS Guide: GRE-GAT general (local) test with explanatory answers a1st aLahore:bDogar Publishersc,2008. axv,588p.bNAfPhotocopy aNA aSocial Sciences aSocial Sciences cBK 011040708SSaUITUbUITUd2008-10-10eF.B.Cg250.00l0o378.166205 KHApQ7575r2024-09-25 07:14:39w2024-09-25yBK c10074d10074